000 00472nam a22001937a 4500
003 OSt
005 20190204161738.0
008 180423b xxu||||| |||| 00| 0 eng d
020 _a0070634424
040 _cBT-PhCST
050 _a6264-6265
082 _222
_a621.05
_bBEI
100 _aBeiser, Arthur.
245 _aApplied physics /
250 _a4th.
260 _aNew Delhi,
_bTata McGraw Hill,
_cc2007.
300 _axiv, 1.6 p. ;
_bill. ;
_c24 cm.
942 _2ddc
_cPHY
999 _c69
_d69